Gargantúa
Salvato in:
| Autore principale: | |
|---|---|
| Natura: | Libro |
| Lingua: | Undetermined |
| Pubblicazione: |
París, Francia
Armand Colin
1957
|
| Soggetti: | |
| Tags: |
Aggiungi Tag
Nessun Tag, puoi essere il primo ad aggiungerne!!
|
MARC
| LEADER | 00000nam a2200000Ia 4500 | ||
|---|---|---|---|
| 008 | 170316s9999 xx 000 0 und d | ||
| 040 | |a cru BVZT | ||
| 090 | |a 840 R-1g | ||
| 100 | |a Rabelais, Francois | ||
| 245 | |a Gargantúa | ||
| 260 | |a París, Francia | ||
| 260 | |b Armand Colin | ||
| 260 | |c 1957 | ||
| 300 | |a 213 páginas | ||
| 650 | |a LITERATURA FRANCESA | ||
| 999 | |c 7919 |d 7919 | ||
| 942 | |c 15 D |h 840 R-1g |2 z | ||
